Funciones de Bessel: Teoría matemática y aplicaciones a la ciencia y a la técnica
Gorde:
| Egile Nagusiak: | , |
|---|---|
| Formatua: | Liburua |
| Hizkuntza: | gaztelania |
| Argitaratua: |
Madrid
Dossat
1958
|
| Gaiak: | |
| Etiketak: |
Etiketa erantsi
Etiketarik gabe, Izan zaitez lehena erregistro honi etiketa jartzen!
|
MARC
| LEADER | 00000nam a2200000 a 4500 | ||
|---|---|---|---|
| 001 | UCH2270 | ||
| 003 | CL-VaPUC | ||
| 008 | 090604e19580000SP |||||||||||||||||spa|d | ||
| 082 | 0 | 4 | |a 515.53 |b REY |2 21 |
| 100 | 0 | |a Rey Pastor, Julio |e author |9 536980 | |
| 700 | 0 | |a Castro Brzezicki, A. de |e author |9 536981 | |
| 245 | 1 | 0 | |a Funciones de Bessel: Teoría matemática y aplicaciones a la ciencia y a la técnica |
| 300 | |a 238 p | ||
| 942 | |c BK | ||
| 945 | |d 20090604 00:00:00 |a dcastane | ||
| 260 | |a Madrid |b Dossat |c 1958 | ||
| 650 | 7 | |a FUNCIONES BESSEL |2 CL-VaPUC |9 359760 | |
| 650 | 0 | |a Ecuaciones diferenciales |9 260083 | |
| 650 | 7 | |a FUNCIONES HANKEL |2 CL-VaPUC |9 424734 | |
| 650 | 7 | |a FUNCIONES LOMMEL |2 CL-VaPUC |9 536982 | |
| 583 | |a last modification |c 20090604 00:00:00 |k Rodrigo Vera | ||
| 999 | |c 334055 |d 334053 | ||
| 952 | |0 0 |1 0 |4 0 |6 515_530000000000000_REY_1958 |7 0 |8 A |9 422846 |a BIBCUR |b BIBCUR |d 2019-11-22 |i 4543181 |o 515.53 REY 1958 |p 4543181 |r 2025-04-22 |w 2019-11-22 |y BK |k FIS | ||